| 000 | 00966nam a2200265 4500 | ||
|---|---|---|---|
| 001 | 0000020918 | ||
| 005 | 20250329172015.0 | ||
| 007 | ta | ||
| 008 | 160627s1992 000 0 eng d | ||
| 020 | _a9687270500 | ||
| 040 |
_aCO-CtgCURN _bspa _ccoctgcurn |
||
| 082 | 0 |
_aR004.6503 _bS24d |
|
| 100 | 1 | _aSchevin-Tejera, Genevieve M. | |
| 245 | 1 | 0 |
_aDiccionario moderno de informatica : _bingles-español / _cGeneviere M. Schevin-Tejera, Héctor G. Tejera , revisor tecnico Francisco Paniagua B. |
| 250 | _a2a ed. | ||
| 260 | 1 |
_aMexico : : _bGrupo Editorial Iberoamerica,, _c1992. |
|
| 300 | _ax, 383 p. | ||
| 490 | 1 | _aTexto en ingles y español | |
| 505 | 8 | _aComunicacion en informatica.--Diccionario moderno de informatica | |
| 650 | 1 | 4 |
_aInformatica _vDiccionarios, enciclopedias, etc. |
| 700 | 1 | _aTejera, Héctor G. | |
| 908 | _a160627 | ||
| 942 |
_cREF _hR004.6503 _iS24d |
||
| 999 |
_c7196 _d7196 |
||